000 00615cam a2200181 4500
001 WS106780
008 000000n 000 0 eng u
035 _a(Sirsi) u106780
110 _aUnited Nations
_92749
245 _aUnited Nations Environment Programme
520 _aBasic guide to UN conventions on environmental issues including a good search facility.
650 0 _aUNITED NATIONS CONVENTIONS
650 _aCLIMATE CHANGE
650 _aINTERNATIONAL
690 _aENVIRONMENTAL AND LAND CONSULTANCY
856 4 0 _uhttps://www.unep.org
_zView the website free of charge at www.unep.org...
942 _n0
999 _c119517
_d119517